000 00520 a2200217 4500
001 113272
041 _apor
090 _aYear 2 [E]
100 _aRennó, Eline.
250 _a2. Ed.
300 _a16 p.
490 _aDiferenças
697 _aMeninos de rua.
697 _aDiferenças.
697 _aLiteratura infantojuvenil.
830 _aDiferenças
040 _aBR-BrIDEA
_cBR-BrIDEA
245 1 0 _aExclu e o Grilo do céu
_c Eline Rennó
260 _a[S.l.]
_bArmazém de idéias
_c1999
942 _cBK
999 _c113272
_d113272